[Event "10. Torneo I. Cidade de Pontevedra 2022"]
[Site "Pontevedra ESP"]
[Date "2022.07.30"]
[Round "9.15"]
[White "Tadevosyan, Aspet"]
[Black "Alvarez Pampillon, Antonio"]
[Result "0-1"]
[WhiteElo "2177"]
[BlackElo "2019"]
[PlyCount "126"]
[EventDate "2022.07.24"]
[EventType "swiss"]
[EventRounds "9"]
[EventCountry "ESP"]
[SourceTitle "Ajedrez en Madrid"]
[Source "lmi"]
[SourceDate "2022.07.24"]
[SourceVersion "1"]
[SourceVersionDate "2022.08.06"]
[SourceQuality "1"]

1. d4 c5 2. d5 g6 3. c4 Bg7 4. e4 d6 5. Nc3 Bxc3+ 6. bxc3 f5 7. exf5 Bxf5 8.
Bd3 Qa5 9. Qc2 Nd7 10. Bxf5 gxf5 11. Rb1 O-O-O 12. Rb5 Qa6 13. Nf3 Ngf6 14. a4
Nb6 15. Qb3 Nxa4 16. O-O Ne8 17. Bd2 Nb6 18. Ng5 Nc7 19. Nf7 Nxb5 20. cxb5 Qa4
21. Qxa4 Nxa4 22. Nxh8 Rxh8 23. c4 Nb6 24. Rc1 Rg8 25. f3 Re8 26. Ba5 Nd7 27.
Bc3 e5 28. dxe6 Rxe6 29. Kf2 Ne5 30. Bxe5 Rxe5 31. Ra1 d5 32. f4 Re4 33. cxd5
Rxf4+ 34. Ke3 Re4+ 35. Kd3 Kc7 36. Rxa7 Kb6 37. Ra8 Kxb5 38. Rb8 b6 39. Kc3
Re3+ 40. Kd2 Re5 41. Rd8 Kc4 42. d6 Rd5+ 43. Kc2 Kb5 44. h4 Kc6 45. Rc8+ Kb5
46. Rd8 h6 47. d7 Kc6 48. Rh8 Rxd7 49. Rxh6+ Rd6 50. Rh5 Rg6 51. Rxf5 Rxg2+ 52.
Kc3 Rg3+ 53. Kc2 Rh3 54. h5 Kb5 55. Rg5 Kb4 56. Rg6 b5 57. h6 c4 58. Rb6 Rh2+
59. Kd1 c3 60. Kc1 Kc4 61. Kb1 b4 62. Kc1 Rh1+ 63. Kc2 b3+ 0-1

[Event "10. Torneo I. Cidade de Pontevedra 2022"]
[Site "Pontevedra ESP"]
[Date "2022.07.30"]
[Round "9.16"]
[White "Gomez Carreno, Martin"]
[Black "Aguilera Lopez, Alejandro"]
[Result "1/2-1/2"]
[WhiteElo "2155"]
[BlackElo "2219"]
[PlyCount "83"]
[EventDate "2022.07.24"]
[EventType "swiss"]
[EventRounds "9"]
[EventCountry "ESP"]
[SourceTitle "Ajedrez en Madrid"]
[Source "lmi"]
[SourceDate "2022.07.24"]
[SourceVersion "1"]
[SourceVersionDate "2022.08.06"]
[SourceQuality "1"]

1. e4 c5 2. Nc3 e6 3. Nge2 Nc6 4. d4 cxd4 5. Nxd4 Nf6 6. g3 Be7 7. Bg2 O-O 8.
O-O a6 9. Re1 Qc7 10. Be3 d6 11. Nxc6 bxc6 12. Na4 Rb8 13. c4 c5 14. b3 Bb7 15.
Nc3 Nd7 16. Qc2 Ne5 17. Rad1 Nc6 18. f4 Rfd8 19. Qf2 Bf6 20. e5 dxe5 21. Ne4
Nd4 22. Nxf6+ gxf6 23. fxe5 Bxg2 24. Qxf6 Nf5 25. Rxd8+ Rxd8 26. Kxg2 Nxe3+ 27.
Rxe3 Rd2+ 28. Kh3 Qd8 29. Re4 Qxf6 30. exf6 Rxa2 31. Re5 h6 32. Rxc5 Kh7 33.
Rc7 Kg6 34. b4 Kxf6 35. c5 e5 36. g4 Rb2 37. Rb7 Ke6 38. Kg3 Kd5 39. Rb6 Rb3+
40. Kf2 Ke4 41. c6 Kd5 42. c7 1/2-1/2

[Event "10. Torneo I. Cidade de Pontevedra 2022"]
[Site "Pontevedra ESP"]
[Date "2022.07.30"]
[Round "9.17"]
[White "Victor, Julian"]
[Black "Otero Nogueira, Brais"]
[Result "1/2-1/2"]
[WhiteElo "1944"]
[BlackElo "2076"]
[PlyCount "50"]
[EventDate "2022.07.24"]
[EventType "swiss"]
[EventRounds "9"]
[EventCountry "ESP"]
[SourceTitle "Ajedrez en Madrid"]
[Source "lmi"]
[SourceDate "2022.07.24"]
[SourceVersion "1"]
[SourceVersionDate "2022.08.06"]
[SourceQuality "1"]

1. d4 Nf6 2. c4 g6 3. Nc3 Bg7 4. e4 d6 5. h3 O-O 6. Be3 c5 7. Nf3 cxd4 8. Nxd4
Nc6 9. Be2 Nxd4 10. Bxd4 Bd7 11. O-O Bc6 12. Qc2 a5 13. Rad1 Nd7 14. Bxg7 Kxg7
15. Bg4 Ne5 16. c5 Nxg4 17. hxg4 Qc8 18. cxd6 Qxg4 19. dxe7 Rfe8 20. Nd5 Bxd5
21. exd5 Rxe7 22. d6 Rd7 23. Rd5 Qe6 24. Rfd1 Ra6 25. Qd2 Qf6 1/2-1/2

[Event "10. Torneo I. Cidade de Pontevedra 2022"]
[Site "Pontevedra ESP"]
[Date "2022.07.30"]
[Round "9.18"]
[White "Blanco Garcia, Liliam Barbara"]
[Black "Bartolo, Filipe Diogo Correi"]
[Result "1/2-1/2"]
[WhiteElo "2031"]
[BlackElo "1815"]
[PlyCount "150"]
[EventDate "2022.07.24"]
[EventType "swiss"]
[EventRounds "9"]
[EventCountry "ESP"]
[SourceTitle "Ajedrez en Madrid"]
[Source "lmi"]
[SourceDate "2022.07.24"]
[SourceVersion "1"]
[SourceVersionDate "2022.08.06"]
[SourceQuality "1"]

1. e4 c5 2. c3 d5 3. exd5 Qxd5 4. d4 e6 5. Nf3 Nf6 6. Na3 Qd8 7. Be3 cxd4 8.
Bxd4 Nc6 9. Bxf6 Qxf6 10. Nb5 Qe7 11. Nfd4 a6 12. Qa4 e5 13. Nxc6 bxc6 14. Na3
Qc7 15. Be2 Be7 16. Bf3 O-O 17. O-O Rb8 18. Nc4 Be6 19. b3 Bd5 20. Bxd5 cxd5
21. Ne3 Rfd8 22. Rad1 Qb7 23. Qa5 d4 24. cxd4 exd4 25. Nf5 Bf6 26. Qa4 Qb5 27.
Qxb5 Rxb5 28. Ng3 Ra5 29. a4 Rb8 30. Rd3 Rc5 31. Ne4 Rc6 32. Nxf6+ gxf6 33. Rb1
Rc4 34. Rdd1 Rc3 35. Rxd4 Rbxb3 36. Re1 a5 37. Re8+ Kg7 38. Rg4+ Kh6 39. g3 Rb4
40. Reg8 Rcc4 41. f4 Rc5 42. Rh4+ Rh5 43. Rxh5+ Kxh5 44. Rg7 Kh6 45. Rxf7 Kg6
46. Ra7 Rxa4 47. Kg2 Ra2+ 48. Kh3 h5 49. Ra8 a4 50. Rg8+ Kh7 51. Ra8 Kg6 52.
Ra5 Kh6 53. Ra6 Kg6 54. Ra5 Kh6 55. g4 hxg4+ 56. Kxg4 Rxh2 57. Rxa4 Kg6 58. f5+
Kg7 59. Ra7+ Kh8 60. Rb7 Rh1 61. Kf4 Rh4+ 62. Ke3 Kg8 63. Re7 Kf8 64. Re4 Rh3+
65. Kf4 Rh4+ 66. Kf3 Rh3+ 67. Kg4 Rh1 68. Re3 Kg7 69. Ra3 Rg1+ 70. Kf4 Rh1 71.
Ra7+ Kf8 72. Ke4 Re1+ 73. Kf4 Rf1+ 74. Kg4 Rg1+ 75. Kf4 Rf1+ 1/2-1/2

[Event "10. Torneo I. Cidade de Pontevedra 2022"]
[Site "Pontevedra ESP"]
[Date "2022.07.30"]
[Round "9.19"]
[White "Patino Romaris, Juan Roberto"]
[Black "Vidal del Rio, Manuel"]
[Result "1/2-1/2"]
[WhiteElo "2093"]
[BlackElo "2092"]
[PlyCount "120"]
[EventDate "2022.07.24"]
[EventType "swiss"]
[EventRounds "9"]
[EventCountry "ESP"]
[SourceTitle "Ajedrez en Madrid"]
[Source "lmi"]
[SourceDate "2022.07.24"]
[SourceVersion "1"]
[SourceVersionDate "2022.08.06"]
[SourceQuality "1"]

1. d4 d5 2. c4 e6 3. Nc3 a6 4. cxd5 exd5 5. Bf4 Nf6 6. e3 Bd6 7. Bxd6 Qxd6 8.
Bd3 O-O 9. h3 Nc6 10. Nf3 Ne7 11. Qc2 g6 12. O-O Bf5 13. Rab1 c6 14. Na4 Qc7
15. Rfc1 Rfe8 16. Nc5 Bxd3 17. Qxd3 Nf5 18. b4 Nd6 19. a4 Nfe4 20. Ne5 f6 21.
Nf3 Kg7 22. b5 axb5 23. axb5 Ra2 24. Rc2 Qa5 25. bxc6 bxc6 26. Qb3 Rxc2 27.
Qxc2 Nxc5 28. Qxc5 Qxc5 29. dxc5 Ne4 30. Nd4 Nxc5 31. Nxc6 Rc8 32. Ne7 Rd8 33.
Rd1 Kf7 34. Rxd5 Kxe7 35. Rxc5 Rd7 36. g4 Kf7 37. Ra5 Kg7 38. h4 h6 39. Kg2 Rb7
40. Kf3 Re7 41. h5 Rb7 42. Kf4 Re7 43. e4 Kf7 44. e5 fxe5+ 45. Rxe5 g5+ 46. Kf5
Ra7 47. f4 gxf4 48. Kxf4 Kf6 49. Rf5+ Kg7 50. Rb5 Rc7 51. Rd5 Ra7 52. Rd6 Rb7
53. Rg6+ Kh7 54. Re6 Kg7 55. Re4 Ra7 56. Kf5 Rb7 57. Re5 Ra7 58. Re6 Rb7 59.
Rg6+ Kh7 60. Re6 Kg7 1/2-1/2

[Event "10. Torneo I. Cidade de Pontevedra 2022"]
[Site "Pontevedra ESP"]
[Date "2022.07.30"]
[Round "9.20"]
[White "Sixto Puente, Eloy"]
[Black "Sanroman Costas, Mauro"]
[Result "1/2-1/2"]
[WhiteElo "2071"]
[BlackElo "1934"]
[PlyCount "102"]
[EventDate "2022.07.24"]
[EventType "swiss"]
[EventRounds "9"]
[EventCountry "ESP"]
[SourceTitle "Ajedrez en Madrid"]
[Source "lmi"]
[SourceDate "2022.07.24"]
[SourceVersion "1"]
[SourceVersionDate "2022.08.06"]
[SourceQuality "1"]

1. e4 c6 2. Nf3 d5 3. d3 Bg4 4. h3 Bxf3 5. Qxf3 e6 6. g3 g6 7. h4 Bg7 8. h5 Nd7
9. h6 Bf6 10. Bg2 Ne7 11. O-O O-O 12. Re1 Bh8 13. Nc3 d4 14. Nb1 c5 15. Bg5 Qe8
16. Na3 Nc6 17. Nb5 Qb8 18. a4 a6 19. Na3 f6 20. Bh3 Re8 21. Bf4 Nde5 22. Qe2
b5 23. b3 Qb6 24. Bd2 b4 25. Nc4 Nxc4 26. bxc4 Ra7 27. Bf4 e5 28. Bd2 Nd8 29.
Kg2 Nf7 30. Rh1 Kf8 31. Raf1 Ke7 32. f4 Kd8 33. fxe5 Nxe5 34. Rf2 Qc6 35. Ra1
a5 36. Kg1 Rae7 37. Bf4 Rf7 38. Raf1 Rfe7 39. Ra1 Kc7 40. Bg2 Rb8 41. Rff1 Kb6
42. Bh3 Ka7 43. Rf2 Ka8 44. Bg2 Ka7 45. g4 g5 46. Bxe5 Rxe5 47. Rf5 Rbe8 48.
Qf3 R8e6 49. Rxe5 Rxe5 50. Bh3 Qe8 51. Bg2 Kb6 1/2-1/2

[Event "10. Torneo I. Cidade de Pontevedra 2022"]
[Site "Pontevedra ESP"]
[Date "2022.07.30"]
[Round "9.21"]
[White "Pintor, Simao Maciel Abranc"]
[Black "Teijeiro Barros, Alberto"]
[Result "1-0"]
[WhiteElo "2062"]
[BlackElo "2066"]
[PlyCount "103"]
[EventDate "2022.07.24"]
[EventType "swiss"]
[EventRounds "9"]
[EventCountry "ESP"]
[SourceTitle "Ajedrez en Madrid"]
[Source "lmi"]
[SourceDate "2022.07.24"]
[SourceVersion "1"]
[SourceVersionDate "2022.08.06"]
[SourceQuality "1"]

1. e4 c6 2. d4 d5 3. e5 Bf5 4. h4 h5 5. Bd3 Bxd3 6. Qxd3 e6 7. Nf3 Qb6 8. O-O
Ne7 9. Bg5 Nd7 10. Nbd2 Nf5 11. c4 Bb4 12. cxd5 cxd5 13. Nb3 f6 14. Bf4 Kf7 15.
Rac1 Rac8 16. Rc2 Rc6 17. Rfc1 Rhc8 18. g3 a5 19. a4 Be7 20. Bd2 Bb4 21. Bf4
Be7 22. Rxc6 Rxc6 23. Rxc6 bxc6 24. Bd2 Bb4 25. Bc3 c5 26. Bxb4 Qxb4 27. Nxc5
Nxc5 28. dxc5 Qxc5 29. Kg2 d4 30. Qe4 Qc4 31. Qb7+ Kg6 32. Qd7 d3 33. Qe8+ Kh6
34. exf6 gxf6 35. Qf7 Qe4 36. Qxf6+ Kh7 37. Qg5 Nd4 38. Qxh5+ Kg7 39. Qg5+ Kf7
40. Qf4+ Qxf4 41. gxf4 Kf6 42. h5 Kg7 43. Nd2 Kh6 44. f3 Kxh5 45. Kf2 Nc2 46.
Nc4 Nb4 47. Ke3 Kh4 48. Nxa5 Kg3 49. Nb3 Kg2 50. Nc5 Nd5+ 51. Kxd3 Nxf4+ 52.
Ke4 1-0

[Event "10. Torneo I. Cidade de Pontevedra 2022"]
[Site "Pontevedra ESP"]
[Date "2022.07.30"]
[Round "9.22"]
[White "Martinez Montes, Juan Manuel"]
[Black "Fernandez Rivero, Karla July"]
[Result "0-1"]
[WhiteElo "2035"]
[BlackElo "2058"]
[PlyCount "44"]
[EventDate "2022.07.24"]
[EventType "swiss"]
[EventRounds "9"]
[EventCountry "ESP"]
[SourceTitle "Ajedrez en Madrid"]
[Source "lmi"]
[SourceDate "2022.07.24"]
[SourceVersion "1"]
[SourceVersionDate "2022.08.06"]
[SourceQuality "1"]

1. b3 e5 2. Bb2 Nc6 3. c4 Nf6 4. e3 Bd6 5. Nf3 O-O 6. Be2 e4 7. Nd4 Nxd4 8.
Bxd4 b6 9. d3 Bb7 10. dxe4 Nxe4 11. Bf3 Bb4+ 12. Kf1 Qh4 13. Bxe4 Qxe4 14. f3
Qe7 15. a3 Bd6 16. e4 f5 17. exf5 Rxf5 18. Qe2 Qf8 19. Kf2 Re8 20. Qd3 Bc5 21.
Nd2 Qd6 22. Qxf5 Bxd4+ 0-1

[Event "10. Torneo I. Cidade de Pontevedra 2022"]
[Site "Pontevedra ESP"]
[Date "2022.07.30"]
[Round "9.23"]
[White "Carballo Noya, Miguel"]
[Black "Ereza Vizcarra, Fernando"]
[Result "1/2-1/2"]
[WhiteElo "1910"]
[BlackElo "2131"]
[PlyCount "124"]
[EventDate "2022.07.24"]
[EventType "swiss"]
[EventRounds "9"]
[EventCountry "ESP"]
[SourceTitle "Ajedrez en Madrid"]
[Source "lmi"]
[SourceDate "2022.07.24"]
[SourceVersion "1"]
[SourceVersionDate "2022.08.06"]
[SourceQuality "1"]

1. e4 c5 2. Be2 Nc6 3. d3 e6 4. f4 d5 5. Nf3 dxe4 6. dxe4 Qxd1+ 7. Bxd1 b6 8.
c3 Bb7 9. Nbd2 O-O-O 10. Nc4 b5 11. Nce5 Nxe5 12. Nxe5 Nh6 13. Bc2 f6 14. Nf3
Nf7 15. Be3 a6 16. O-O Be7 17. a4 Kc7 18. Nd2 Nd6 19. a5 Nc8 20. Nb3 Kc6 21. e5
f5 22. Bd1 c4 23. Bf3+ Kc7 24. Nd4 Bxf3 25. Rxf3 Kd7 26. Kf2 Bf8 27. Ke2 Re8
28. Nxb5 axb5 29. a6 Kc6 30. a7 Nxa7 31. Rxa7 Bc5 32. Bxc5 Kxc5 33. Rxg7 Ra8
34. Kd1 Rhd8+ 35. Kc2 Ra1 36. b4+ cxb3+ 37. Kxb3 Rd2 38. Rc7+ Kb6 39. Rxh7 Raa2
40. c4 Rab2+ 41. Ka3 Ra2+ 42. Kb3 Rab2+ 43. Ka3 Ra2+ 44. Kb3 Rdb2+ 45. Kc3 Rc2+
46. Kd4 Rxc4+ 47. Kd3 Rxg2 48. Rh6 Rc6 49. Rf1 b4 50. Rd1 Kb5 51. Rh8 Rb6 52.
Rb1 Ra2 53. h4 Ra3+ 54. Kd4 Rf3 55. h5 Rxf4+ 56. Kd3 Rh4 57. h6 Rb7 58. Rg1 Ra7
59. Rb8+ Kc6 60. Rc1+ Kd7 61. h7 Ra3+ 62. Kc2 Rh2+ 1/2-1/2

[Event "10. Torneo I. Cidade de Pontevedra 2022"]
[Site "Pontevedra ESP"]
[Date "2022.07.30"]
[Round "9.24"]
[White "Mosca, Leonildo"]
[Black "Cabanas Rodriguez, Roi"]
[Result "1/2-1/2"]
[WhiteElo "2050"]
[BlackElo "1945"]
[PlyCount "38"]
[EventDate "2022.07.24"]
[EventType "swiss"]
[EventRounds "9"]
[EventCountry "ESP"]
[SourceTitle "Ajedrez en Madrid"]
[Source "lmi"]
[SourceDate "2022.07.24"]
[SourceVersion "1"]
[SourceVersionDate "2022.08.06"]
[SourceQuality "1"]

1. e4 c5 2. Nf3 d6 3. Bb5+ Bd7 4. Bxd7+ Qxd7 5. c4 Nf6 6. Nc3 Nc6 7. d4 cxd4 8.
Nxd4 g6 9. f3 Bg7 10. Be3 O-O 11. O-O a6 12. a4 e6 13. Rc1 Rfd8 14. b3 d5 15.
exd5 exd5 16. Nxc6 bxc6 17. cxd5 Nxd5 18. Nxd5 cxd5 19. Bd4 Rab8 1/2-1/2

[Event "10. Torneo I. Cidade de Pontevedra 2022"]
[Site "Pontevedra ESP"]
[Date "2022.07.30"]
[Round "9.25"]
[White "Alvarez Dominguez, Breixo"]
[Black "Pastor Alonso De Prado, Alberto"]
[Result "1-0"]
[WhiteElo "2026"]
[BlackElo "2050"]
[PlyCount "99"]
[EventDate "2022.07.24"]
[EventType "swiss"]
[EventRounds "9"]
[EventCountry "ESP"]
[SourceTitle "Ajedrez en Madrid"]
[Source "lmi"]
[SourceDate "2022.07.24"]
[SourceVersion "1"]
[SourceVersionDate "2022.08.06"]
[SourceQuality "1"]

1. d4 d5 2. c4 e6 3. Nc3 Nf6 4. Nf3 Be7 5. e3 O-O 6. Bd3 dxc4 7. Bxc4 a6 8. a4
c5 9. O-O Nc6 10. h3 Nb4 11. Qe2 b6 12. Rd1 Qc7 13. e4 cxd4 14. Nxd4 Bb7 15. b3
Nc6 16. Nxc6 Qxc6 17. f3 Nd7 18. Bf4 Bf6 19. Rac1 Ne5 20. Nb5 Qc5+ 21. Be3 Qe7
22. Nd6 Rfd8 23. Nxb7 Qxb7 24. Rxd8+ Bxd8 25. Bd4 Bf6 26. Bb2 Nd7 27. Bxf6 Nxf6
28. Rd1 g6 29. Qd3 Ne8 30. Qd7 Nc7 31. Qe7 Re8 32. Bxa6 Qc6 33. Rd8 Rxd8 34.
Qxd8+ Kg7 35. Qd4+ Kg8 36. Bc4 h5 37. Qe5 Kf8 38. f4 Ke7 39. Qg5+ Kf8 40. Qd8+
Kg7 41. Qd4+ Kh7 42. Qe5 Qd7 43. Qf6 Ne8 44. Qg5 Qd4+ 45. Kh2 Qxe4 46. Qe5 Qb7
47. b4 Qe7 48. Bb5 Nd6 49. Bd3 f6 50. Qxh5+ 1-0

[Event "10. Torneo I. Cidade de Pontevedra 2022"]
[Site "Pontevedra ESP"]
[Date "2022.07.30"]
[Round "9.26"]
[White "Roque Sola, Andrea"]
[Black "Martinez Garcia, Ruben"]
[Result "0-1"]
[WhiteElo "1913"]
[BlackElo "1992"]
[PlyCount "72"]
[EventDate "2022.07.24"]
[EventType "swiss"]
[EventRounds "9"]
[EventCountry "ESP"]
[SourceTitle "Ajedrez en Madrid"]
[Source "lmi"]
[SourceDate "2022.07.24"]
[SourceVersion "1"]
[SourceVersionDate "2022.08.06"]
[SourceQuality "1"]

1. c4 e5 2. g3 Nf6 3. Bg2 d5 4. cxd5 Nxd5 5. Nc3 Nb6 6. d3 Nc6 7. Nf3 Be7 8.
Bd2 O-O 9. O-O Be6 10. Qc1 f6 11. Be3 Re8 12. Qd2 Nd4 13. Bxd4 exd4 14. Ne4 c5
15. Rfc1 Rc8 16. Qa5 c4 17. Ned2 Qd6 18. Nxc4 Nxc4 19. dxc4 Bxc4 20. Qxa7 b6
21. Qa4 b5 22. Qd1 Rcd8 23. b3 Bd5 24. Qd3 f5 25. Nd2 Bxg2 26. Kxg2 Qd5+ 27.
Kg1 Bg5 28. Rd1 Re3 29. Qc2 Rxe2 30. Qd3 Rxf2 31. Kxf2 Be3+ 32. Ke1 Re8 33. Nf1
Qf3 34. Nxe3 Rxe3+ 35. Qxe3 dxe3 36. Rd8+ Kf7 0-1

[Event "10. Torneo I. Cidade de Pontevedra 2022"]
[Site "Pontevedra ESP"]
[Date "2022.07.30"]
[Round "9.27"]
[White "Reza Salgado, Marcos"]
[Black "Martin Andres, Carlos"]
[Result "1-0"]
[WhiteElo "1790"]
[BlackElo "1924"]
[PlyCount "77"]
[EventDate "2022.07.24"]
[EventType "swiss"]
[EventRounds "9"]
[EventCountry "ESP"]
[SourceTitle "Ajedrez en Madrid"]
[Source "lmi"]
[SourceDate "2022.07.24"]
[SourceVersion "1"]
[SourceVersionDate "2022.08.06"]
[SourceQuality "1"]

1. d4 Nf6 2. Nf3 d5 3. e3 c6 4. Bd3 Nbd7 5. b3 e6 6. Nbd2 Bd6 7. Bb2 Qe7 8. Ne5
O-O 9. f4 c5 10. O-O Ne8 11. Rf3 f5 12. Rh3 Ndf6 13. Ndf3 Ng4 14. Bc1 Bxe5 15.
Nxe5 Nxe5 16. fxe5 Rf7 17. Ba3 b6 18. c4 Bb7 19. Rc1 Qc7 20. b4 cxd4 21. cxd5
Qxe5 22. dxe6 Rc7 23. Rxc7 Nxc7 24. Qh5 h6 25. Qf7+ Kh8 26. Bxf5 Qf6 27. Qxf6
gxf6 28. Rxh6+ Kg8 29. Rg6+ Kh8 30. Bb2 Rg8 31. Rh6+ Kg7 32. Rh7+ Kf8 33. g4
Rg7 34. Rh8+ Ke7 35. Bxd4 Nxe6 36. Bxf6+ Kxf6 37. Rh6+ Kf7 38. Bxe6+ Ke7 39.
Bf5 1-0

[Event "10. Torneo I. Cidade de Pontevedra 2022"]
[Site "Pontevedra ESP"]
[Date "2022.07.30"]
[Round "9.28"]
[White "Baldus Martin, Juan"]
[Black "Antonano Fernandez-Quincoces, Av"]
[Result "1-0"]
[WhiteElo "2007"]
[BlackElo "1981"]
[PlyCount "65"]
[EventDate "2022.07.24"]
[EventType "swiss"]
[EventRounds "9"]
[EventCountry "ESP"]
[SourceTitle "Ajedrez en Madrid"]
[Source "lmi"]
[SourceDate "2022.07.24"]
[SourceVersion "1"]
[SourceVersionDate "2022.08.06"]
[SourceQuality "1"]

1. d4 Nf6 2. c4 e6 3. Nf3 c5 4. d5 exd5 5. cxd5 d6 6. Nc3 g6 7. e4 Bg7 8. h3
O-O 9. Bd3 Na6 10. O-O Re8 11. Re1 Nc7 12. Bf4 a6 13. a4 Rb8 14. a5 b5 15. axb6
Rxb6 16. Qc2 Nb5 17. Na4 Rb7 18. Nd2 Nh5 19. Bh2 Qf6 20. Nc4 Nf4 21. e5 dxe5
22. Bxf4 Qxf4 23. Nxc5 Nd4 24. Qa4 Rd8 25. Nxb7 Bxb7 26. Ne3 e4 27. Be2 h5 28.
Rad1 Be5 29. g3 Nxe2+ 30. Rxe2 Qf3 31. Rdd2 Bc8 32. Nf1 Bf4 33. Nh2 1-0

[Event "10. Torneo I. Cidade de Pontevedra 2022"]
[Site "Pontevedra ESP"]
[Date "2022.07.30"]
[Round "9.30"]
[White "Macqueron, Gregory"]
[Black "Vela Ignacio, Jose Manuel"]
[Result "0-1"]
[WhiteElo "1936"]
[BlackElo "2026"]
[PlyCount "136"]
[EventDate "2022.07.24"]
[EventType "swiss"]
[EventRounds "9"]
[EventCountry "ESP"]
[SourceTitle "Ajedrez en Madrid"]
[Source "lmi"]
[SourceDate "2022.07.24"]
[SourceVersion "1"]
[SourceVersionDate "2022.08.06"]
[SourceQuality "1"]

1. d4 d5 2. Nc3 Nf6 3. Bf4 e6 4. Nb5 Bb4+ 5. c3 Ba5 6. a4 a6 7. b4 axb5 8. axb5
b6 9. bxa5 bxa5 10. b6 cxb6 11. Qa4+ Bd7 12. Qa3 Nc6 13. f3 Ne7 14. Bd6 Nc8 15.
Be5 Qe7 16. Qc1 Bb5 17. g4 Nd7 18. Bxg7 Qh4+ 19. Kd1 Rg8 20. Qh6 Qxh6 21. Bxh6
Nd6 22. Nh3 Rc8 23. Kc2 Ke7 24. Bc1 Rc6 25. Nf2 Rgc8 26. Nd1 Kd8 27. Bd2 Kc7
28. Rg1 Kb7 29. Rg3 Ka6 30. Rh3 Nf8 31. Bh6 f5 32. Rg3 fxg4 33. Rxg4 Ng6 34. h4
Nf5 35. Bg5 h5 36. Rg2 Nxd4+ 37. Kb2 Nxf3 38. exf3 Bxf1 39. Rf2 Bh3 40. Bf6 Nf4
41. Rd2 Bf5 42. Ne3 Bh7 43. Rg1 Rf8 44. Bg7 Rf7 45. Rg3 Ng6 46. Bh6 Nxh4 47.
Rh3 Nf5 48. Rxh5 Nxe3 49. Bxe3 Rxf3 50. Bd4 Bf5 51. Rh8 Rf1 52. Rg2 Rb1+ 53.
Ka3 Rc4 54. Rb8 Rb5 55. Rgg8 Rb1 56. Rgd8 Rc6 57. Rd7 e5 58. Ra8+ Kb5 59. Rxd5+
Kc4 60. Rxe5 Rb3+ 61. Ka2 Bb1+ 62. Ka1 Bd3 63. Rg5 Rb1+ 64. Ka2 Rh1 65. Rb8
Rh2+ 66. Ka1 Kb3 67. Rxb6+ Rxb6 68. Bxb6 Ra2# 0-1